000 00480nam a2200157 a 4500
001 000042053
005 20201002035917.0
008 131112s1981 xxu 000 0 eng d
040 _aDO-SdBNP
_beng
_cBNPHU
082 _axxxxxx
_bxxxxxx
100 1 _aJ. Adler, Mortimer
_969042
245 1 0 _aReligión and theology /
_cMortimer J. Adler, Seymour Cain.
260 _aChicago :
_bEncyclopedia Britanica,
_c1981.
300 _axxviii, 278 p. ;
_c21 cm.
700 1 _aCain, Seymour
_969043
999 _c41542
_d41542